000
00232nam a22000857a 4500
008
160629b xxu||||| |||| 00| 0 eng d
100
_9
1349
_a
Misra, K
245
_a
Destination IAS Academy History
260
_a
New Delhi
_b
Kumar Publication
999
_c
1109
_d
1109